01123nam a22002897a 4500003000200000005001700002008000200019010001300021020002200034035002300056037001600079040001500095082001500110245012200125260004200247270006100289300002400350650002900374650003500403700002800438700003100466700002500497942002400522999001900546952013700565952013100702020180711103258.00 aA-936384 c00.00a8186030506 aA-936384, A-936385 bCen Lib/Ret aDPLbENc0 a371.2bEDU aEducational management :cedited by Hemlata Talesra, Satya Pal Ruhela [and] M. L. Nagdabinnovative global patterns / aNew DelhibRegency Publicationsc1997 bNew Delhia20/36-G, Old Market, West Patel Nagare110008 axii,373p.c22cm(Hb) aSpecial education921846 aEducational management 921847 aTalesra, Hemlata921848 aRuhela , Satya Pal 918459 aNagda, M. L. 921849 2ddccENh371.2mEDU c127893d127893 00104070aLbLd2015-06-30eCen Lib/Retg0.00l4m2o371.2 EDUpA-936384r2024-05-16 00:00:00s2024-05-07t1v0.00w2015-06-30yEN 00102ddc40708NFICaBL1bBL1d2018-07-11eBPPD/Pubg0.00l0o371.2 EDUpA-936385r2018-07-11 00:00:00v0.00w2018-07-11yEN